书目信息 |
| 题名: |
加拿大留学移民手册
|
|
| 作者: | 赵园 主编 | |
| 分册: | ||
| 出版信息: | 北京 对外经济贸易大学出版社 2001.12 |
|
| 页数: | 410页 | |
| 开本: | 19cm | |
| 丛书名: | ||
| 单 册: | ||
| 中图分类: | D771.138 | |
| 科图分类: | ||
| 主题词: | 政治 | |
| 电子资源: | ||
| ISBN: | 7-81078-119-7 | |
| 000 | 00621nam0 2200217 450 | |
| 001 | 0749721032 | |
| 005 | 20080110110228.06 | |
| 010 | @a7-81078-119-7@dCNY23.00 | |
| 100 | @a20071121d2001 km y0chiy0120 ea | |
| 101 | 0 | @achi |
| 102 | @aCN@b110000 | |
| 200 | 1 | @a加拿大留学移民手册@Ajia na da liu xue yi min shou ce@f赵园主编@Fzhao yuan zhu bian |
| 210 | @a北京@c对外经济贸易大学出版社@d2001.12 | |
| 215 | @a410页@d19cm | |
| 300 | @a当代留学移民参考 | |
| 606 | 0 | @a政治 |
| 690 | @aD771.138@v4 | |
| 701 | 0 | @a赵园@Azhao yuan@4主编 |
| 801 | 0 | @aCN@bNISOFT@c20080110 |
| 905 | @aBZT@dD771.138@e2 | |
| 906 | @dCNY23.00@n0@r1 | |
| 加拿大留学移民手册/赵园主编.-北京:对外经济贸易大学出版社,2001.12 |
| 410页;19cm |
| 当代留学移民参考 |
| ISBN 7-81078-119-7:CNY23.00 |
| ● |
| 相关链接 |
|
|
|
正题名:加拿大留学移民手册
索取号:D771.138/2
 
预约/预借
| 序号 | 登录号 | 条形码 | 馆藏地/架位号 | 状态 | 备注 |
| 1 | 601904 | 2000601904 | 中心书库南/012架A面4层2列/ [索取号:D771.138/2] | 在馆 | |
| 2 | 601905 | 2000601905 | 中心书库南/012架A面4层2列/ [索取号:D771.138/2] | 在馆 | |
| 3 | 601906 | 2000601906 | 中心书库南/012架A面4层2列/ [索取号:D771.138/2] | 在馆 | |
| 4 | 601907 | 2000601907 | 中心书库南/012架A面4层2列/ [索取号:D771.138/2] | 在馆 | |
| 5 | 601908 | 2000601908 | 中心书库南/012架A面4层2列/ [索取号:D771.138/2] | 在馆 | |
| 6 | 601909 | 2000601909 | 中心书库南/012架A面4层2列/ [索取号:D771.138/2] | 在馆 | |
| 7 | 601910 | 2000601910 | 中心书库南/012架A面4层2列/ [索取号:D771.138/2] | 在馆 | |
| 8 | 601911 | 2000601911 | 中心书库南/012架A面4层2列/ [索取号:D771.138/2] | 在馆 | |
| 9 | 601912 | 2000601912 | 中心书库南/012架A面4层2列/ [索取号:D771.138/2] | 在馆 | |
| 10 | 601913 | 2000601913 | 中心书库南/012架A面4层2列/ [索取号:D771.138/2] | 在馆 |